Statistics for Swim Across Caribbean Maritime Borders! From Trinidad and Tobago to Turks and Caicos

Click here to take the quiz!

General Stats

  • This quiz has been taken 286 times
  • The average score is 16 of 23

Answer Stats

SOVEREIGN COUNTRYCOUNTRY-TERRITORY% Correct
Grenada
98%
Barbados
96%
St Vincent and the Grenadines
96%
St Lucia
94%
Dominica
79%
Antigua and Barbuda
78%
Saint Kitts and Nevis
78%
FranceMartinique
77%
FranceGuadeloupe
72%
USAPuerto Rico
72%
Jamaica
68%
UKVirgin Islands
68%
Cuba
67%
Dominican Republic
67%
Haiti
67%
Bahamas
65%
NetherlandsSint Maarten, Sint Eustatius, Saba
62%
FranceSt Martin
62%
USAUS Virgin Islands
57%
UKAnguilla
55%
UKMontserrat
53%
UKCayman Islands
51%
NetherlandsPut one arm in {ABC Islands} and get back in {Dominican Republic}
49%

Score Distribution

Percentile by Number Answered

Percent of People with Each Score

Your Score History

You have not taken this quiz